000 00674nam a2200217 a 4500
001 000010673
005 20240412074220.0
008 091009s1991 dr a 001 p spa d
040 _aDO-SdBNP
_bspa
_cBNPHU
082 _aRD861.44
_bO12a
100 1 _aObjío, Nelson Eddy
_912421
245 1 0 _aArcoiris en soneto /
_cNelson Eddy Objío.
260 _aSanto Domingo :
_bValparaiso,
_c1991.
300 _a100 p. :
_bil. ;
_c21 cm.
490 1 _aProducciones Dimeyson
590 _aInventariado, 2018/LP
650 0 _aPoesía dominicana
_966
650 0 _aLiteratura dominicana.
_967
830 0 _aProducciones Dimeyson
_925850
910 _aValidado. Control de calidad BNPHU
999 _c10428
_d10428